Statistics for Team Fortress 2 - Every Weapons.

Click here to take the quiz!

General Stats

  • This quiz has been taken 484 times
  • The average score is 91 of 207

Answer Stats

Answer% Correct
Pistol
88%
Shotgun
86%
Bat
83%
Scattergun
83%
Rocket Launcher
81%
Flame Thrower
74%
Knife
70%
Minigun
70%
Force-A-Nature
68%
Grenade Launcher
68%
Soda Popper
68%
Back Scatter
67%
Shovel
66%
Wrench
66%
Baby Face's Blaster
65%
Mad Milk
64%
Medi Gun
64%
Sniper Rifle
64%
Fire Axe
63%
Revolver
63%
Sandvich
63%
Bonk! Atomic Punch
62%
Crit-a-Cola
62%
Fists
61%
Winger
61%
Bottle
60%
Backburner
59%
Bonesaw
59%
Liberty Launcher
59%
Pretty Boy's Pocket Pistol
59%
Shortstop
59%
Stickybomb Launcher
59%
Direct Hit
58%
Flare Gun
58%
Jarate
58%
Natascha
58%
Atomizer
57%
Black Box
57%
Original
57%
Tomislav
57%
Eyelander
56%
Panic Attack
56%
Rocket Jumper
56%
Sapper
56%
Syringe Gun
56%
Degreaser
55%
Sandman
55%
Übersaw
55%
Brass Beast
54%
Frying Pan
54%
Market Gardener
54%
Scottish Resistance
54%
Ambassador
53%
Iron Bomber
52%
Kritzkrieg
52%
Quick-Fix
52%
Vaccinator
52%
Air Strike
51%
Beggar's Bazooka
51%
Detonator
51%
Escape Plan
51%
Phlogistinator
51%
Tide Turner
51%
Wrangler
51%
Kukri
50%
Boston Basher
49%
Dragon's Fury
49%
Gunboats
49%
Mantreads
49%
Scorch Shot
49%
SMG
49%
Chargin' Targe
48%
Diamondback
48%
Equalizer
48%
Loch-n-Load
48%
Reserve Shooter
48%
Southern Hospitality
48%
Crusader's Crossbow
47%
Dead Ringer
47%
Family Business
47%
Jag
47%
B.A.S.E. Jumper
46%
Battalion's Backup
46%
C.A.P.P.E.R
46%
Cow Mangler 5000
46%
Wrap Assassin
46%
Your Eternal Reward
46%
Disguise Kit
45%
Eureka Effect
45%
Frontier Justice
45%
Quickiebomb Launcher
45%
Rescue Ranger
45%
Widowmaker
45%
Gunslinger
44%
Huo-Long Heater
44%
Loose Cannon
44%
Powerjack
44%
Second Banana
44%
Vita-Saw
44%
Batsaber
43%
Flying Guillotine
43%
Gloves of Running Urgently
43%
Sydney Sleeper
43%
Axtinguisher
42%
Cloak and Dagger
42%
Concheror
42%
Construction PDA
42%
Red-Tape Recorder
42%
Ali Baba's Wee Booties
41%
Blutsauger
41%
Bushwacka
41%
Disciplinary Action
41%
Fan O'War
41%
Gas Passer
41%
Machina
41%
Sticky Jumper
41%
Sun-on-a-Stick
41%
Buff Banner
40%
Iron Curtain
40%
L'Etranger
40%
Candy Cane
39%
Classic
39%
Holy Mackerel
39%
Invis Watch
39%
Killing Gloves of Boxing
39%
Short Circuit
39%
Spy-cicle
39%
Destruction PDA
38%
Half-Zatoichi
38%
Huntsman
38%
Lugermorph
38%
Overdose
38%
Rainblower
38%
Razorback
38%
Third Degree
38%
Conniver's Kunai
37%
Enforcer
37%
Pomson 6000
37%
Amputator
36%
Bazaar Bargain
36%
Cleaner's Carbine
36%
Fists of Steel
36%
Hitman's Heatmaker
36%
Manmelter
36%
Pain Train
36%
Persian Persuader
36%
Saxxy
36%
Scottish Handshake
36%
Solemn Vow
36%
Splendid Screen
36%
Buffalo Steak Sandvich
35%
Dalokohs Bar
35%
Darwin's Danger Shield
35%
Lollichop
35%
Neon Annihilator
35%
Ullapool Caber
35%
Ap-Sap
34%
Back Scratcher
34%
Homewrecker
34%
Big Earner
33%
Golden Wrench
33%
Bootlegger
32%
Cozy Camper
32%
Eviction Notice
32%
Golden Frying Pan
32%
Holiday Punch
32%
Righteous Bison
32%
Thermal Thruster
31%
Three-Rune Blade
31%
Black Rose
30%
Maul
30%
Mutated Milk
30%
Nessie's Nine Iron
28%
Nostromo Napalmer
28%
Scotsman's Skullcutter
28%
Shahanshah
28%
Tribalman's Shiv
28%
Warrior's Spirit
28%
AWPer Hand
27%
Fishcake
27%
Hot Hand
27%
Postal Pummeler
27%
Robo-Sandvich
27%
Sharpened Volcano Fragment
27%
Claidheamh Mòr
26%
Conscientious Objector
26%
Apoco-Fists
25%
Big Kill
25%
Bread Bite
24%
Fortified Compound
24%
Ham Shank
24%
Horseless Headless Horsemann's Headtaker
24%
Unarmed Combat
24%
Giger Counter
22%
Prinny Machete
22%
Shooting Star
22%
Wanga Prick
22%
Snack Attack
21%
Memory Maker
20%
Quäckenbirdt
20%
Self-Aware Beauty Mark
20%
Bat Outta Hell
19%
Crossing Guard
17%
Enthusiast's Timepiece
17%
Freedom Staff
17%
Sharp Dresser
17%
Necro Smasher
16%

Score Distribution

Percentile by Number Answered

Percent of People with Each Score

Your Score History

You have not taken this quiz